| 000 | 00553nam a2200193Ia 4500 | ||
|---|---|---|---|
| 005 | 20260415160336.0 | ||
| 008 | 008 250505s9999 xx 000 0 eng d | ||
| 037 | _aTextual | ||
| 040 |
_aFEDL _beng _cFEDL |
||
| 041 |
_aeng _2eng |
||
| 084 |
_a580 LOW _qFEDL |
||
| 100 |
_aLowson J M _9755763 |
||
| 245 | 0 | _aLowson's textbook of botany | |
| 260 |
_aLondon, UK _bUniversity Tutorial Press Ltd. _c1947 |
||
| 300 | _aviii,606p | ||
| 700 |
_a Sahni Birnal _9756101 |
||
| 942 |
_cTEXL _h580 LOW |
||
| 999 |
_c1321874 _d1321874 |
||